BORING TO BRILLIANT A SPEAKER S GUIDE (Record no. 29004)
[ view plain ]
| 000 -LEADER | |
|---|---|
| fixed length control field | 00340nam a2200133Ia 4500 |
| 008 - FIXED-LENGTH DATA ELEMENTS--GENERAL INFORMATION | |
| fixed length control field | 240624s9999 xx 000 0 und d |
| 041 ## - LANGUAGE CODE | |
| Language code of text/sound track or separate title | eng |
| 082 ## - DEWEY DECIMAL CLASSIFICATION NUMBER | |
| Classification number | 651.73 ROG |
| 100 ## - MAIN ENTRY--PERSONAL NAME | |
| Personal name | ROGOSKI BARBARA |
| 245 ## - TITLE STATEMENT | |
| Title | BORING TO BRILLIANT A SPEAKER S GUIDE |
| 260 ## - PUBLICATION, DISTRIBUTION, ETC. | |
| Date of publication, distribution, etc. | 2014 |
| Place of publication, distribution, etc. | Europe |
| Name of publisher, distributor, etc. | Barbara Rogoski |
| 300 ## - PHYSICAL DESCRIPTION | |
| Extent | 159 p.; 25 cm. |
| 365 ## - TRADE PRICE | |
| Currency code | |
| Price amount | 38 |
| Withdrawn status | Lost status | Damaged status | Not for loan | Home library | Current library | Shelving location | Date acquired | Cost, normal purchase price | Total Checkouts | Full call number | Barcode | Date last seen | Copy number | Price effective from | Koha item type |
|---|---|---|---|---|---|---|---|---|---|---|---|---|---|---|---|
| IMTN | IMTN | Rack 17-B | 08/21/2017 | 29.95 | 651.73 ROG | 29004 | 06/24/2024 | 66.7 | 06/24/2024 | Books |